Die einzigen beiden Bundesländer... 2 - Statistiken

Allgemein
  • Dieses Quiz wurde 245 mal gespielt
  • Das Durchschnittsergebnis liegt bei 13 aus 15
Antwortstatistiken
Fakt Bundesland % Korrekt
Mit unter 1 Mio Einwohner*innen Bremen, Saarland
98%
In denen die "Freien Wähler" mit über 5% im Landtag vertreten sind Bayern, Rheinland-Pfalz
95%
An der Grenze zu Luxemburg Rheinland-Pfalz, Saarland
93%
Mit 8 allein dort ansässigen DAX-Unternehmen Bayern, Nordrhein-Westfalen
92%
Mit einer Arbeitslosenquote unter 5% Bayern, Baden-Württemberg
88%
Durch die die Fulda fließt Hessen, Niedersachsen
86%
In denen die zwei größten Buchmessen Deutschlands stattfinden Hessen, Sachsen
86%
In denen seit 1960 Formel 1 Rennen stattgefunden haben Baden-Württemberg, Rheinland-Pfalz
83%
In denen keine Gebühr für den Kirchenaustritt verlangt wird Brandenburg, Bremen
83%
Mit einem rot-weiß gestreiften Löwen im Wappen Hessen, Thüringen
83%
Mit grün (Wappen ausgenommen) in der Landesflagge Nordrhein-Westfalen, Sachsen
81%
Mit einer Lebenserwartung unter 80 Jahren Sachsen-Anhalt, Saarland
76%
Die bereits einen Ministerpräsidenten von der FDP hatten Baden Württemberg, Thüringen
75%
Mit Exklaven im Ausland Baden-Württemberg, Nordrhein-Westfalen
69%
Mit einer Verschuldung von ca. 30 Mrd. € Rheinland-Pfalz, Schleswig-Holstein
64%
Keine übereinstimmenden Quizze gefunden
Verteilung der Resultate
Anzahl Personen mit jedem Resultat
Perzentil nach korrekt beantworteten Fragen
Ihre Resultats-Entwicklung
Sie haben dieses Quiz noch nicht gespielt